[Event "Heusenstamm Sparkassen op U14 2nd"]
[Site "Heusenstamm"]
[Date "2015.11.27"]
[Round "3"]
[White "Van Foreest, Tristan"]
[Black "Roytblat, David"]
[Result "0-1"]
[WhiteElo "1143"]
[BlackElo "1082"]
[PlyCount "144"]
[EventDate "2015.11.27"]
[EventType "swiss"]
[EventRounds "5"]
[EventCountry "GER"]
[SourceTitle "EXT 2018"]
[Source "ChessBase"]
[SourceDate "2017.10.13"]
[SourceVersion "1"]
[SourceVersionDate "2017.10.13"]
[SourceQuality "1"]

1. e4 e5 2. Nf3 Nf6 3. Nxe5 d6 4. Nf3 Nxe4 5. Qe2 Qe7 6. d3 Nf6 7. Bg5 Nbd7 8. Nc3 g6 9. Qxe7+ Bxe7 10. 0-0-0 b6 11. Re1 Bb7 12. Nb5 Kd8 13. Nxc7 Rc8 14. Nb5 a6 15. Nbd4 Re8 16. g3 Nc5 17. Bh3 Nxd3+ 18. Kd1 Nxf2+ 19. Ke2 Nxh1 20. Bxc8 Nxg3+ 21. hxg3 Bxc8 22. Kd2 d5 23. Nc6+ Kd7 24. Nxe7 Ne4+ 25. Kd3 Nxg5 26. Nxd5 Nxf3 27. Nf6+ Kc6 28. Rxe8 Bf5+ 29. Kc3 Kc5 30. Rc8+ Bxc8 31. Nxh7 Bf5 32. b4+ Kc6 33. a4 g5 34. Nf6 g4 35. Kb3 Nd2+ 36. Kb2 Ne4 37. Nh5 Bg6 38. Nf4 Bf5 39. c4 Nxg3 40. b5+ axb5 41. cxb5+ Kb7 42. Kc3 Ne4+ 43. Kd4 Bh7 44. Ke3 f5 45. Ng2 Kc7 46. Kf4 Kd6 47. Ne3 Kc5 48. Nd1 Kb4 49. Nb2 Bg8 50. Kxf5 g3 51. Nd3+ Kxa4 52. Ne1 Bd5 53. Kf4 Kxb5 54. Ke5 Ba8 55. Kd4 Kb4 56. Nd3+ Ka5 57. Ne1 Ng5 58. Ke3 Ne4 59. Kf4 b5 60. Ke3 b4 61. Kd3 Ka4 62. Kc2 Ng5 63. Kb2 g2 64. Nxg2 Bxg2 65. Ka1 Ka3 66. Kb1 Kb3 67. Ka1 Kc2 68. Ka2 b3+ 69. Ka3 b2 70. Ka4 b1Q 71. Ka5 Bf1 72. Ka4 Qb5+ 0-1

[Event "Heusenstamm Schloss op 1st"]
[Site "Heusenstamm"]
[Date "2014.11.20"]
[Round "1"]
[White "Zirlik, Rudi"]
[Black "Roytblat, David"]
[Result "1/2-1/2"]
[WhiteElo "1993"]
[BlackElo "1042"]
[PlyCount "61"]
[EventDate "2014.11.20"]
[EventType "swiss"]
[EventRounds "7"]
[EventCountry "GER"]
[SourceTitle "CBM 163 Extra"]
[Source "ChessBase"]
[SourceDate "2014.12.23"]
[SourceVersion "1"]
[SourceVersionDate "2014.12.23"]
[SourceQuality "1"]

1. d4 d5 2. g3 Nf6 3. Bg2 Bf5 4. c4 e6 5. Qb3 b6 6. Nc3 c6 7. cxd5 cxd5 8. Bg5 Be7 9. Bxf6 Bxf6 10. Nxd5 exd5 11. Bxd5 Be6 12. Qb5+ Bd7 13. Qd3 Bc6 14. Qe4+ Kf8 15. Bxc6 Nxc6 16. Qxc6 Rc8 17. Qa4 Bxd4 18. Nf3 Bf6 19. 0-0 a5 20. Rad1 Qc7 21. Rd7 Qc5 22. Qb3 Qh5 23. Rfd1 g5 24. Qxb6 Kg7 25. R1d6 Qg6 26. Kg2 Rhe8 27. e3 Rc2 28. Rd2 Rcc8 29. Rb7 g4 30. Ne1 Qe4+ 31. Kf1 1/2-1/2